000 00239nam a2200097Ia 4500
001 683151
005 20250826161432.0
008 250824s9999 xx 000 0 und d
245 0 _aALPARSLAN
_cOKAY TİRYAKİOĞLU
260 _bTİMAŞ YAYINLARI
999 _c683151
_d683151